| 000 | 00661nam a22001937a 4500 | ||
|---|---|---|---|
| 005 | 20241129202735.0 | ||
| 008 | 241129b |||||||| |||| 00| 0 eng d | ||
| 020 | _a9780201321425 | ||
| 050 |
_aQD33 _b.C77 |
||
| 100 | _aWilbraham, Antony C. | ||
| 245 |
_aChemistry/ _bAddison-Wesley _cAntony C. Wilbraham, Dennis D. Staley, Michael S. Matta & Edward L. Waterman |
||
| 250 | _a5th ed. | ||
| 260 |
_aMenlo Park, California _bPrentice Hall Pearson Education _c2000 |
||
| 300 |
_axxiii.881. various paging _bill. color _c28cm _eCD-ROM |
||
| 700 | _aStaley, Dennis D. | ||
| 700 | _aMatta, Michael S. | ||
| 700 | _aWaterman, Edward L. | ||
| 942 |
_2lcc _cBK _e5th ed. _n0 |
||
| 999 |
_c1798 _d1798 |
||